<?xml version="1.0" encoding="UTF-8"?><?xml-stylesheet type="text/xsl" href="static/style.xsl"?><OAI-PMH xmlns="http://www.openarchives.org/OAI/2.0/" xmlns:xsi="http://www.w3.org/2001/XMLSchema-instance" xsi:schemaLocation="http://www.openarchives.org/OAI/2.0/ http://www.openarchives.org/OAI/2.0/OAI-PMH.xsd"><responseDate>2026-04-17T03:35:32Z</responseDate><request verb="GetRecord" identifier="oai:www.recercat.cat:2072/415046" metadataPrefix="marc">https://recercat.cat/oai/request</request><GetRecord><record><header><identifier>oai:recercat.cat:2072/415046</identifier><datestamp>2026-03-25T03:43:00Z</datestamp><setSpec>com_2072_98</setSpec><setSpec>col_2072_378192</setSpec></header><metadata><record xmlns="http://www.loc.gov/MARC21/slim" xmlns:dcterms="http://purl.org/dc/terms/" xmlns:xsi="http://www.w3.org/2001/XMLSchema-instance" xmlns:doc="http://www.lyncode.com/xoai" xsi:schemaLocation="http://www.loc.gov/MARC21/slim http://www.loc.gov/standards/marcxml/schema/MARC21slim.xsd">
   <leader>00925njm 22002777a 4500</leader>
   <datafield ind2=" " ind1=" " tag="042">
      <subfield code="a">dc</subfield>
   </datafield>
   <datafield ind2=" " ind1=" " tag="720">
      <subfield code="a">Faria, Rafael César Bolleli</subfield>
      <subfield code="e">author</subfield>
   </datafield>
   <datafield ind2=" " ind1=" " tag="720">
      <subfield code="a">Bonetti, Ana Maria</subfield>
      <subfield code="e">author</subfield>
   </datafield>
   <datafield ind2=" " ind1=" " tag="720">
      <subfield code="a">Goulart, Natália Miranda</subfield>
      <subfield code="e">author</subfield>
   </datafield>
   <datafield ind2=" " ind1=" " tag="260">
      <subfield code="c">2013</subfield>
   </datafield>
   <datafield ind2=" " ind1=" " tag="520">
      <subfield code="a">O trabalho propôsapresentar umaprática entre botões metálicos (alelos de um indivíduo) para formar uma população. Para isso, foielaborada uma dinâmicade «Genética depopulações» capaz de abordar as frequências alélicas, genotípicas e fenotípicas, alémfatores evolutivos. A atividade foiaplicada aos alunos do 3° ano do Ensino Técnico Integrado do IFSULDEMINAS-Inconfidentes/MG -Brasil. Para avaliação da aprendizagem os alunos tiveram que preencher cinco tabelas que envolviam os cálculos das frequências.Cerca de 90% dos alunos responderam as atividades de forma correta, como tambémdescreveram toda a concepçãodo princípio de Hardy-Weinberg.Os resultados indicaram que os discentesassimilaram significativamente o conteúdo proposto e a dinâmica propiciou visualizar que as frequências genotípicas e alélicas não mudam ao longo das gerações em equilíbrio.</subfield>
   </datafield>
   <datafield tag="653" ind2=" " ind1=" ">
      <subfield code="a">Jogos didáticos</subfield>
   </datafield>
   <datafield tag="653" ind2=" " ind1=" ">
      <subfield code="a">Genética de populações e aprendizagem</subfield>
   </datafield>
   <datafield ind2="0" ind1="0" tag="245">
      <subfield code="a">Dinâmica dos botões no ensino do equilíbrio de Hardy-Weinberg</subfield>
   </datafield>
</record></metadata></record></GetRecord></OAI-PMH>